| 000 | 01011nam0a2200289 4500 | ||
|---|---|---|---|
| 001 | RU\NLR\bibl\1241329 | ||
| 005 | 20260405081236.0 | ||
| 010 |
_a978-5-9698-0211-7 _93000 |
||
| 021 |
_aRU _b2008-29755 _91642 |
||
| 035 | _a(NLR Aleph) 001227517 | ||
| 090 |
_a177484 _c177484 |
||
| 100 | _a20080616d2008 |||y0rusy50 ca | ||
| 101 | 0 | _arus | |
| 102 | _aRU | ||
| 105 | _aa ||||||||| | ||
| 200 | 1 |
_aРемонт двигателей "Жигулей" _fРосс Твег |
|
| 205 | _a2-е изд., перераб. и доп. | ||
| 210 |
_aМосква _cЗа рулем _d2008 |
||
| 215 |
_a110, [1] с. _cил. _d20 |
||
| 606 | 1 |
_aВАЗ, автомобильные двигатели _jРуководства, пособия и т.п. _xРемонт _92346606 _3RU\NLR\auth\661402274 |
|
| 686 | _aО353-083я7 | ||
| 700 | 1 |
_4070 _8rus _7ca _aТвег _bР. _gРосс _3RU\NLR\auth\7728226 _911257 |
|
| 801 | 0 |
_aRU _bNLR _c20080616 _gRCR |
|
| 801 | 1 |
_aRU _bNLR _c20080616 |
|
| 942 | _cBOOK | ||
| 980 | _aNB | ||